Normal view
MARC view
Entry Topical Term
001 - CONTROL NUMBER
- control field: 21314
003 - CONTROL NUMBER IDENTIFIER
- control field: OSt
005 - DATE AND TIME OF LATEST TRANSACTION
- control field: 20210202155558.0
008 - FIXED-LENGTH DATA ELEMENTS
- fixed length control field: 210202|| aca||aabn | a|a d
040 ## - CATALOGING SOURCE
- Original cataloging agency: OSt
- Transcribing agency: OSt
150 ## - HEADING--TOPICAL TERM
- Topical term or geographic name entry element: Non-farm employment, Household income, Rural India, Social groups
670 ## - SOURCE DATA FOUND
- Source citation: Work cat.: (OSt): Bera, Manasi. And Debey, Amaresh. 21313, Structure and changes in household income and employment across social groups in rural India
